Qui trình tổ chức và chỉ đạo xây dựng bộ câu hỏi trắc nghiệm khách quan các học phần ngữ pháp thực hành tiếng Nga dành cho sinh viên chuyên ngữ Nga văn /

Đã lưu trong:
書目詳細資料
主要作者: Mai Lan.
格式: Bài viết
語言:Vietnamese
主題:
標簽: 添加標簽
沒有標簽, 成為第一個標記此記錄!
Thư viện lưu trữ: Thư viện Trường Đại học Đà Lạt
LEADER 00895nam a2200265 4500
001 DLU090103813
005 ##20130507
040 # # |a DLU  |b vie 
041 # # |a vie 
044 # # |a vn 
100 # # |a Mai Lan. 
245 # # |a Qui trình tổ chức và chỉ đạo xây dựng bộ câu hỏi trắc nghiệm khách quan các học phần ngữ pháp thực hành tiếng Nga dành cho sinh viên chuyên ngữ Nga văn /  |c Mai Lan. 
653 # # |a Kiến thức 
653 # # |a Ngữ pháp 
653 # # |a Phương pháp học tập 
773 # # |t Tạp chí Khoa học (Đại học Huế)   |g Số 13, 2002, tr. 113-117 
920 # # |a Phòng Tạp chí -- Trung tâm Thông tin - Thư viện Trường Đại học Đà Lạt 
994 # # |a DLU 
900 # # |a True 
911 # # |a Nguyễn Thị Linh Chi 
925 # # |a G 
926 # # |a A 
927 # # |a BB 
980 # # |a Thư viện Trường Đại học Đà Lạt